000 00457nam a22001697a 4500
003 BD-ChCU
005 20260106104018.0
008 260106b bg ||||| |||| 00| 0 ben d
040 _cBD-ChCU
082 _a297.373 STU
100 _aKhurshid Ahmad
_918664
245 _aStudies in Islamic economics , /
_cAhmad , Khurshid
260 _aJeddah
_bI.C.R.I.E.
_cC 1981
300 _axxiii , 390p
650 0 _aIslam - Finance .
_918666
942 _2ddc
_cBK
_n0
999 _c110734
_d110734